01785nam a2200289Ia 4500952011100000952011500111999001700226008004100243020001800284050002200302100002700324240013000351245016100481260005700642300001800699336001000717337001400727338001200741505048100753519010901234650003501343650003501378650002401413700003301437710001801470942000701488 00104070a03b03d2009-05-19l3oLB41.5 E38 1997 p03 005820r2016-07-06s2014-10-08t1w2012-07-20yLB 00102lcc4070a14b14d2016-06-10l2oLB41.5 E38 1997 p14 006383r2023-09-21s2023-01-28t1w2016-06-10yLB c81170d81170120720s1997 mx 000 0 spa d a9789687474009 aLB41.5 bE38 1997 aDelors, Jacqueseautor14aThe Treasure Within. Report to UNESCO of the International Commission in Education for the Twenty-first Century lespañol13aLa Educación encierra un tesorob : informe a la UNESCO de la Comision Internacional sobre la Educacion para el Siglo XXI c / presidida por Jaques Delors aMéxico b : Unescob ; Correo de la Unescoc, 1997 a302 páginas atexto asin medio avolumen aLa educación o la utopia necesaria De la comunidad de base a la sociedad mundial De la cohesión social a la participación democrática Del crecimiento económico al desarrollo humano Los cuatro pilares de la educación La educación a lo largo de la vida De la educación básic a la universidad El personal docente en busca de nuevas perspectivas El papel del político: tomar decisiones en educación La cooperación internacional: educar a la aldea global  aPlan Flexible /bPedagogía /cSeminario de Problemas Actuales de la Educación (B25-2) /d(03 005820)10aEDUCACIÓNxMETAS Y OBJETIVOS20aSOCIOLOGÍA DE LA EDUCACIÓN30aEDUCACIÓNxESTADO aDelors, Jacquesecolaborador aUnesco939870 cLB